[Event "HUN-chT2 Barcza 1213"]
[Site "Hungary"]
[Date "2013.04.21"]
[Round "11.7"]
[White "Lengyel, Laszlo"]
[Black "Bukta, Tamas"]
[Result "1-0"]
[WhiteElo "2065"]
[BlackElo "1969"]
[PlyCount "54"]
[EventDate "2012.09.16"]
[EventType "team-tourn"]
[EventRounds "11"]
[EventCountry "HUN"]
[SourceTitle "EXT 2014"]
[Source "ChessBase"]
[SourceDate "2013.11.20"]
[SourceVersion "1"]
[SourceVersionDate "2013.11.20"]
[SourceQuality "1"]
[WhiteTeam "Tiszavasvar"]
[BlackTeam "Sajoszentpeter"]
[WhiteTeamCountry "HUN"]
[BlackTeamCountry "HUN"]

1. e4 c5 2. Nf3 Nc6 3. d4 cxd4 4. c3 dxc3 5. Nxc3 e6 6. Bc4 Bc5 7. Nb5 d6 8. 0-0 a6 9. Nbd4 Nge7 10. a3 d5 11. exd5 Nxd5 12. Nxc6 bxc6 13. b4 Bb6 14. Qc2 Qc7 15. Bb2 Nf6 16. Be5 Qb7 17. Rac1 Bc7 18. Bd3 Bd7 19. Rfd1 Rc8 20. Qe2 Ra8 21. g3 Bxe5 22. Nxe5 Nd5 23. Nxd7 Kxd7 24. Rc5 a5 25. b5 cxb5 26. Bxb5+ Ke7 27. Rcxd5 Rhd8 1-0

[Event "HUN-chT2 Barcza 0910"]
[Site "Hungary"]
[Date "2009.11.08"]
[Round "1.5"]
[White "Botragyi, Tibor"]
[Black "Bukta, Tamas"]
[Result "1/2-1/2"]
[WhiteElo "2168"]
[BlackElo "1982"]
[PlyCount "91"]
[EventDate "2009.11.08"]
[EventType "team-tourn"]
[EventRounds "11"]
[EventCountry "HUN"]
[SourceTitle "EXT 2011"]
[Source "ChessBase"]
[SourceDate "2010.11.26"]
[SourceVersion "1"]
[SourceVersionDate "2010.11.26"]
[SourceQuality "1"]
[WhiteTeam "Debrecen Sakkbaratok"]
[BlackTeam "Miskolc"]
[WhiteTeamCountry "HUN"]
[BlackTeamCountry "HUN"]

1. e4 c5 2. d4 cxd4 3. c3 dxc3 4. Nxc3 e6 5. Bc4 Bc5 6. Nf3 Ne7 7. Bg5 0-0 8. 0-0 f6 9. Bf4 a6 10. Qe2 b5 11. Bb3 Ng6 12. Be3 Bxe3 13. Qxe3 Nc6 14. Rfd1 Qe7 15. Nd4 Bb7 16. Nf5 Qe8 17. Qb6 Bc8 18. Nd6 Qe7 19. Rd2 Rb8 20. Qc7 Qd8 21. Bxe6+ dxe6 22. Qxc6 Rb6 23. Qc5 Bd7 24. Rad1 Rc6 25. Qa7 b4 26. Na4 Qc7 27. Qxc7 Rxc7 28. Nb6 Bb5 29. b3 Rc6 30. Ndc4 Ne5 31. Nxe5 Rxb6 32. Nd7 Bxd7 33. Rxd7 Rc8 34. Kf1 Rbc6 35. Ra7 R8c7 36. Rxc7 Rxc7 37. Ke2 Kf7 38. Rd6 Rc2+ 39. Rd2 Rc7 40. Rd4 a5 41. Kd3 Rc3+ 42. Kd2 Ke7 43. f4 Rc5 44. Kd3 Rc3+ 45. Kd2 Rc5 46. Kd3 1/2-1/2

[Event "HUN-chT2 Maroczy 0607"]
[Site "Hungary"]
[Date "2007.04.29"]
[Round "9"]
[White "Szentmihalyi, David"]
[Black "Bukta, Tamas"]
[Result "1/2-1/2"]
[WhiteElo "1803"]
[BlackElo "1958"]
[PlyCount "94"]
[EventDate "2006.11.12"]
[EventType "team"]
[EventRounds "11"]
[EventCountry "HUN"]
[SourceTitle "EXT 2008"]
[Source "ChessBase"]
[SourceDate "2007.11.25"]
[SourceVersion "1"]
[SourceVersionDate "2007.11.25"]
[SourceQuality "1"]
[WhiteTeam "Husi"]
[BlackTeam "Miskolc EMSE"]
[WhiteTeamCountry "HUN"]
[BlackTeamCountry "HUN"]

1. e4 c5 2. Nf3 Nc6 3. d4 cxd4 4. Nxd4 Nf6 5. Nc3 e5 6. Ndb5 d6 7. Bg5 a6 8. Na3 b5 9. Nd5 Be7 10. Bxf6 Bxf6 11. c3 Bg5 12. Nc2 0-0 13. a4 bxa4 14. Rxa4 a5 15. Bc4 Be6 16. h4 Bh6 17. g4 Bf4 18. Nxf4 exf4 19. Bd5 Rc8 20. Bxc6 Rxc6 21. Nd4 Rb6 22. Nxe6 fxe6 23. Qd2 Qb8 24. b4 axb4 25. Rxb4 Rxb4 26. cxb4 Qb5 27. Qxd6 Qc4 28. Kd2 Ra8 29. Ra1 Rxa1 30. Qd8+ Kf7 31. Qd7+ Kf6 32. g5+ Ke5 33. Qxg7+ Kxe4 34. Qxa1 Qxb4+ 35. Qc3 Qxc3+ 36. Kxc3 f3 37. h5 Kf5 38. g6 hxg6 39. hxg6 Kxg6 40. Kd3 Kf5 41. Ke3 Ke5 42. Kxf3 Kd4 43. Kg3 e5 44. Kg2 Kd3 45. Kg3 Ke4 46. Kg2 Kf4 47. Kf1 Kf3 1/2-1/2

[Event "HUN-chT2 Barcza 0607"]
[Site "Hungary"]
[Date "2007.03.25"]
[Round "7"]
[White "Mizik, Tamas"]
[Black "Bukta, Tamas"]
[Result "1/2-1/2"]
[WhiteElo "2063"]
[BlackElo "1970"]
[PlyCount "61"]
[EventDate "2006.11.12"]
[EventType "team"]
[EventRounds "11"]
[EventCountry "HUN"]
[SourceTitle "EXT 2008"]
[Source "ChessBase"]
[SourceDate "2007.11.25"]
[SourceVersion "1"]
[SourceVersionDate "2007.11.25"]
[SourceQuality "1"]
[WhiteTeam "Tiszavasvar"]
[BlackTeam "Miskolc EMSE II"]
[WhiteTeamCountry "HUN"]
[BlackTeamCountry "HUN"]

1. e4 c5 2. d4 cxd4 3. Nf3 Nc6 4. Nxd4 Nf6 5. Nc3 e5 6. Ndb5 d6 7. Bg5 a6 8. Na3 b5 9. Nd5 Be7 10. Bxf6 Bxf6 11. c3 Bg5 12. Bd3 0-0 13. 0-0 Ne7 14. Nxe7+ Qxe7 15. Nc2 Bb7 16. a4 bxa4 17. Rxa4 a5 18. Qe2 Bc6 19. Bb5 Qb7 20. Bxc6 Qxc6 21. Rfa1 Rab8 22. Ne1 Qb5 23. Qxb5 Rxb5 24. Nd3 f5 25. Rxa5 Rxa5 26. Rxa5 fxe4 27. Ne1 Rb8 28. Ra2 Rb3 29. Kf1 Bc1 30. Ra1 Bd2 31. Ra2 1/2-1/2

[Event "Infotozsde Cup Red Gr 8th"]
[Site "Heves"]
[Date "2001.02.24"]
[Round "2.3"]
[White "Toth, Daniel"]
[Black "Bukta, Tamas"]
[Result "1/2-1/2"]
[WhiteElo "2128"]
[BlackElo "2084"]
[PlyCount "33"]
[EventDate "2001.02.17"]
[EventType "tourn"]
[EventRounds "10"]
[EventCountry "HUN"]
[SourceTitle "EXT 2004"]
[Source "ChessBase"]
[SourceDate "2003.11.25"]
[SourceVersion "1"]
[SourceVersionDate "2003.11.25"]
[SourceQuality "1"]

1. d4 d5 2. c4 e6 3. Nf3 c6 4. Nc3 Nf6 5. Bg5 dxc4 6. a4 Bb4 7. Bxf6 gxf6 8. e3 b5 9. axb5 cxb5 10. Nd2 Bd7 11. Be2 Bxc3 12. bxc3 Bc6 13. e4 Rg8 14. Bf3 Qd6 15. d5 Bb7 16. Qb1 Qc5 17. dxe6 1/2-1/2

[Event "Infotozsde Cup Red Gr 8th"]
[Site "Heves"]
[Date "2001.02.23"]
[Round "2.2"]
[White "Bukta, Tamas"]
[Black "Csikos, Mihaly"]
[Result "0-1"]
[WhiteElo "2084"]
[BlackElo "2152"]
[PlyCount "24"]
[EventDate "2001.02.17"]
[EventType "tourn"]
[EventRounds "10"]
[EventCountry "HUN"]
[SourceTitle "EXT 2004"]
[Source "ChessBase"]
[SourceDate "2003.11.25"]
[SourceVersion "1"]
[SourceVersionDate "2003.11.25"]
[SourceQuality "1"]

1. e4 e5 2. Nf3 Nf6 3. Nxe5 d6 4. Nf3 Nxe4 5. d4 d5 6. Bd3 Bd6 7. 0-0 Bg4 8. Re1 f5 9. c4 0-0 10. cxd5 Bxh2+ 11. Kxh2 Nxf2 12. Bg5 Qd6+ 0-1

[Event "Infotozsde Cup Red Gr 8th"]
[Site "Heves"]
[Date "2001.02.21"]
[Round "1.5"]
[White "Bukta, Tamas"]
[Black "Heindrich, Janos"]
[Result "0-1"]
[WhiteElo "2084"]
[BlackElo "2148"]
[PlyCount "118"]
[EventDate "2001.02.17"]
[EventType "tourn"]
[EventRounds "10"]
[EventCountry "HUN"]
[SourceTitle "EXT 2004"]
[Source "ChessBase"]
[SourceDate "2003.11.25"]
[SourceVersion "1"]
[SourceVersionDate "2003.11.25"]
[SourceQuality "1"]

1. e4 e5 2. Nf3 Nc6 3. d4 exd4 4. Nxd4 Bc5 5. Be3 Qf6 6. c3 Nge7 7. Bc4 0-0 8. 0-0 Ne5 9. Be2 d6 10. Nb5 Bxe3 11. fxe3 Qg5 12. Nxc7 Qxe3+ 13. Kh1 Rb8 14. Bf3 Qb6 15. Nd5 Nxd5 16. Qxd5 Be6 17. Qd2 Nc4 18. Qf2 Qxb2 19. Qxb2 Nxb2 20. Na3 a6 21. Be2 Na4 22. Rfc1 Nc5 23. Bf3 b5 24. Rd1 Rb6 25. Nc2 Na4 26. Nb4 Nxc3 27. Rd3 Na4 28. Nd5 Bxd5 29. Rxd5 Nc3 30. Rd3 b4 31. a3 a5 32. axb4 axb4 33. Rc1 Re8 34. h3 Kf8 35. Rc2 Reb8 36. Rb2 Na4 37. Ra2 b3 38. Rxa4 b2 39. Rd1 Rc6 40. Raa1 bxa1Q 41. Rxa1 Rcb6 42. Ra2 Ke7 43. Re2 Kf6 44. Kh2 Rb2 45. Re1 Ke5 46. Ra1 Kf4 47. Ra7 R8b7 48. Rxb7 Rxb7 49. e5 Rb6 50. exd6 Rxd6 51. Ba8 Rd2 52. Bc6 h5 53. Bf3 g6 54. Bc6 g5 55. Be8 g4 56. hxg4 hxg4 57. Bb5 g3+ 58. Kh3 Rd1 59. Bf1 f6 0-1

[Event "Infotozsde Cup Red Gr 8th"]
[Site "Heves"]
[Date "2001.02.19"]
[Round "1.3"]
[White "Bukta, Tamas"]
[Black "Toth, Daniel"]
[Result "0-1"]
[WhiteElo "2084"]
[BlackElo "2128"]
[PlyCount "66"]
[EventDate "2001.02.17"]
[EventType "tourn"]
[EventRounds "10"]
[EventCountry "HUN"]
[SourceTitle "EXT 2004"]
[Source "ChessBase"]
[SourceDate "2003.11.25"]
[SourceVersion "1"]
[SourceVersionDate "2003.11.25"]
[SourceQuality "1"]

1. e4 c6 2. d4 g6 3. Nc3 Bg7 4. Be3 d5 5. e5 h5 6. Be2 Nh6 7. f4 Bg4 8. h3 Bxe2 9. Qxe2 Nf5 10. Bf2 Qb6 11. 0-0-0 a5 12. Nf3 a4 13. a3 e6 14. g4 Ne7 15. f5 gxf5 16. gxh5 Bh6+ 17. Kb1 Qa5 18. Rdg1 b5 19. Na2 Na6 20. Be1 Qb6 21. Nb4 f4 22. Nxa6 Rxa6 23. Bd2 Nf5 24. c3 Ng3 25. Rxg3 fxg3 26. Bxh6 Rxh6 27. Qg2 b4 28. axb4 Qb5 29. Qxg3 Qd3+ 30. Ka2 a3 31. Qg8+ Ke7 32. Qg5+ Kd7 33. Qxh6 Qc2 0-1

[Event "Miskolc op"]
[Site "Miskolc"]
[Date "2001.??.??"]
[Round "1"]
[White "Bogdan, Dan"]
[Black "Bukta, Tamas"]
[Result "1-0"]
[WhiteElo "2375"]
[BlackElo "2084"]
[PlyCount "99"]
[EventDate "2001.??.??"]
[EventType "swiss"]
[EventRounds "9"]
[EventCountry "HUN"]
[SourceTitle "EXT 2002"]
[Source "ChessBase"]
[SourceDate "2001.11.25"]
[SourceVersion "1"]
[SourceVersionDate "2001.11.25"]
[SourceQuality "1"]

1. d4 Nf6 2. Nf3 e6 3. g3 c5 4. c4 a6 5. Bg2 d6 6. 0-0 g6 7. Nc3 Bg7 8. dxc5 dxc5 9. Qxd8+ Kxd8 10. Ne5 Nfd7 11. Nxf7+ Ke7 12. Nxh8 Bxh8 13. Bg5+ Kf8 14. Na4 Nc6 15. Bxc6 bxc6 16. Rad1 Bd4 17. e3 Bg7 18. Rxd7 Bxd7 19. Nb6 Ra7 20. b3 Ke8 21. e4 Bd4 22. Be3 e5 23. Na4 Bh3 24. Rd1 Bg4 25. Rd2 Bf3 26. Bxd4 cxd4 27. Nc5 Ke7 28. Kf1 Kd6 29. Rd3 Rf7 30. b4 a5 31. a3 Bg4 32. Ke1 axb4 33. axb4 Ra7 34. f3 Ra1+ 35. Kd2 Bc8 36. h4 Rb1 37. Rb3 Rg1 38. g4 Rh1 39. Ra3 Rh2+ 40. Ke1 Rxh4 41. Nd3 h5 42. gxh5 gxh5 43. Ra8 Rh1+ 44. Kf2 Bd7 45. Rh8 Rh2+ 46. Kg3 Rd2 47. Rh6+ Ke7 48. Nxe5 Be8 49. Kf4 Rb2 50. Kf5 1-0

[Event "Miskolc op"]
[Site "Miskolc"]
[Date "2001.??.??"]
[Round "8"]
[White "Pirau, Horatiu"]
[Black "Bukta, Tamas"]
[Result "0-1"]
[WhiteElo "2160"]
[BlackElo "2084"]
[PlyCount "68"]
[EventDate "2001.??.??"]
[EventType "swiss"]
[EventRounds "9"]
[EventCountry "HUN"]
[SourceTitle "EXT 2002"]
[Source "ChessBase"]
[SourceDate "2001.11.25"]
[SourceVersion "1"]
[SourceVersionDate "2001.11.25"]
[SourceQuality "1"]

1. c4 Nf6 2. Nc3 e6 3. e4 d5 4. e5 d4 5. exf6 dxc3 6. bxc3 Qxf6 7. d4 c5 8. Nf3 h6 9. Be2 Be7 10. 0-0 b6 11. Ne5 Bb7 12. Qa4+ Kf8 13. Bd3 Bd6 14. f4 g6 15. Be3 Kg7 16. Rab1 Rc8 17. Qc2 Nc6 18. Qd2 h5 19. Rbe1 cxd4 20. Bxd4 Nxd4 21. cxd4 Rc7 22. Re3 Rg8 23. Rg3 Kf8 24. Qe2 Qh8 25. Be4 Ba6 26. Bd3 Bb7 27. Be4 Ba6 28. Rc3 Qf6 29. Bd3 Qd8 30. Qe3 Bb7 31. c5 bxc5 32. dxc5 Bxe5 33. fxe5 Qd5 34. Qg3 Qd4+ 0-1

[Event "Godal Memorial op"]
[Site "Fuzesabony"]
[Date "2000.08.18"]
[Round "2.7"]
[White "Bukta, Tamas"]
[Black "Bodi, Tamas"]
[Result "0-1"]
[WhiteElo "2064"]
[BlackElo "2180"]
[PlyCount "42"]
[EventDate "2000.08.20"]
[EventType "swiss (rapid)"]
[EventRounds "9"]
[EventCountry "HUN"]
[SourceTitle "EXT 2004"]
[Source "ChessBase"]
[SourceDate "2003.11.25"]
[SourceVersion "1"]
[SourceVersionDate "2003.11.25"]
[SourceQuality "1"]

1. e4 c6 2. d4 g6 3. Nc3 Bg7 4. Be3 d5 5. e5 h5 6. Be2 Nh6 7. h3 Nf5 8. Bf4 Qb6 9. g4 hxg4 10. Bxg4 Na6 11. Bxf5 Bxf5 12. Na4 Qa5+ 13. c3 b5 14. Nc5 Nxc5 15. b4 Qa3 16. bxc5 Qxc3+ 17. Bd2 Qxd4 18. Nf3 Qe4+ 19. Qe2 Qxe2+ 20. Kxe2 Rxh3 21. Nd4 Bxe5 0-1

[Event "Miskolc Avas op-A"]
[Site "Miskolc"]
[Date "2000.06.20"]
[Round "2.13"]
[White "Leviczki, Tibor"]
[Black "Bukta, Tamas"]
[Result "1-0"]
[WhiteElo "2109"]
[BlackElo "2064"]
[PlyCount "105"]
[EventDate "2000.06.25"]
[EventType "swiss"]
[EventRounds "9"]
[EventCountry "HUN"]
[SourceTitle "EXT 2004"]
[Source "ChessBase"]
[SourceDate "2003.11.25"]
[SourceVersion "1"]
[SourceVersionDate "2003.11.25"]
[SourceQuality "1"]

1. d4 d5 2. c4 c6 3. Nf3 e6 4. Nc3 Nf6 5. Bg5 dxc4 6. e4 b5 7. e5 h6 8. Bh4 g5 9. Nxg5 hxg5 10. Bxg5 Nbd7 11. exf6 Bb7 12. g3 Qb6 13. Bg2 0-0-0 14. 0-0 c5 15. d5 b4 16. Na4 Qb5 17. a3 exd5 18. axb4 cxb4 19. Be3 Nc5 20. Qg4+ Rd7 21. Bxc5 Bxc5 22. Qg7 Rhd8 23. Bh3 Kc7 24. Bxd7 Rxd7 25. Nxc5 Qxc5 26. Qg5 Qc6 27. Qe5+ Kc8 28. Qd4 Rd6 29. Rxa7 Kb8 30. Raa1 Rxf6 31. Rfe1 Qb6 32. Re8+ Bc8 33. Qe5+ Qd6 34. Qd4 Qb6 35. Qe5+ Qd6 36. Ra5 Qxe5 37. Rxe5 Bb7 38. Rb5 b3 39. Rexd5 Kc7 40. Rd4 Rc6 41. Rf4 f6 42. f3 Ba6 43. Rb4 Kd6 44. Rxf6+ Kc5 45. Rxc6+ Kxc6 46. Ra4 Kb5 47. Ra1 Bc8 48. Rc1 Bf5 49. Rc3 Kc5 50. Kf2 Kd4 51. g4 Bd3 52. h4 Ke5 53. Rxd3 1-0

[Event "Gyongyos Matra Cup"]
[Site "Gyongyos"]
[Date "2000.??.??"]
[Round "?"]
[White "Bukta, Tamas"]
[Black "Olah, Sandor"]
[Result "1-0"]
[WhiteElo "2060"]
[BlackElo "2045"]
[PlyCount "63"]
[EventDate "2000.07.??"]
[EventType "swiss"]
[EventRounds "9"]
[EventCountry "HUN"]
[SourceTitle "EXT 2004"]
[Source "ChessBase"]
[SourceDate "2003.11.25"]
[SourceVersion "1"]
[SourceVersionDate "2003.11.25"]
[SourceQuality "1"]

1. e4 c5 2. Nf3 Nc6 3. d4 cxd4 4. Nxd4 g6 5. Nc3 Bg7 6. Be3 Nf6 7. Bc4 Qa5 8. 0-0 0-0 9. h3 d6 10. f4 Bd7 11. Kh1 Nh5 12. Rf3 Nxd4 13. Bxd4 Bxd4 14. Qxd4 Nxf4 15. Rxf4 e5 16. Qxd6 exf4 17. Qxd7 Rad8 18. Qg4 Qe5 19. Rf1 g5 20. h4 h6 21. hxg5 hxg5 22. Rf3 Kg7 23. Rh3 Rh8 24. Bd5 Rxh3+ 25. gxh3 b5 26. Qh5 Rd7 27. Qf3 b4 28. Nd1 f5 29. Nf2 Qxb2 30. exf5 Qxc2 31. Be6 Rd2 32. Qb7+ 1-0

[Event "Gyongyos Matra Cup"]
[Site "Gyongyos"]
[Date "2000.??.??"]
[Round "?"]
[White "Nemeth, Jozsef"]
[Black "Bukta, Tamas"]
[Result "0-1"]
[WhiteElo "2095"]
[BlackElo "2060"]
[PlyCount "162"]
[EventDate "2000.07.??"]
[EventType "swiss"]
[EventRounds "9"]
[EventCountry "HUN"]
[SourceTitle "EXT 2004"]
[Source "ChessBase"]
[SourceDate "2003.11.25"]
[SourceVersion "1"]
[SourceVersionDate "2003.11.25"]
[SourceQuality "1"]

1. d4 d5 2. Bf4 c6 3. c3 Bf5 4. e3 e6 5. Bd3 Bg6 6. Nf3 Bd6 7. Bxd6 Qxd6 8. 0-0 Nf6 9. Ne5 Nbd7 10. f4 Bh5 11. Qe1 Bg6 12. Qe2 Ne4 13. Bxe4 Bxe4 14. Nd2 Bg6 15. Rae1 Nxe5 16. fxe5 Qc7 17. e4 Qb6 18. b3 0-0 19. Qe3 dxe4 20. Nxe4 Bxe4 21. Qxe4 Qa5 22. Qc2 c5 23. dxc5 Qxc5+ 24. Kh1 Rac8 25. Qe4 Qxc3 26. Qxb7 Rc7 27. Qe4 Rfc8 28. h3 Qb2 29. Re2 Qc3 30. Kh2 h6 31. Rd1 Qa5 32. Rf1 Rd8 33. Qf4 Rd5 34. Rfe1 Qb6 35. Qa4 Rcd7 36. Qc4 Qb8 37. g3 Qb7 38. Qe4 Kh8 39. h4 Qa6 40. Qf3 Kg8 41. Qe4 Rd4 42. Qf3 Rd2 43. a4 R7d3 44. Qa8+ Rd8 45. Qf3 R2d3 46. Re3 Rxe3 47. Rxe3 Rd5 48. Kh3 Qa5 49. Qf4 Qc7 50. Qe4 h5 51. Qf4 Qc1 52. Qf3 Rd1 53. Re2 a5 54. Rf2 Rh1+ 55. Rh2 Rf1 56. Qxh5 Rf5 57. Qe2 Qc3 58. Qb5 Qxe5 59. Qd3 Qd5 60. Rd2 Kf8 61. Qxd5 Rxd5 62. Rxd5 exd5 63. Kg4 Ke7 64. Kf4 Kd6 65. g4 Kc5 66. h5 f6 67. Ke3 Kb4 68. Kd4 Kxb3 69. Kxd5 Kxa4 70. Kc4 Ka3 71. Kd5 Kb3 72. Ke6 a4 73. Kf7 a3 74. Kxg7 a2 75. Kxf6 a1Q+ 76. Kg6 Qb1+ 77. Kh6 Qc1+ 78. g5 Kc4 79. Kg6 Qc2+ 80. Kh6 Qd2 81. Kg6 Qd7 0-1

[Event "Miskolc Avas op"]
[Site "Miskolc"]
[Date "1999.??.??"]
[Round "5"]
[White "Braun, Marton"]
[Black "Bukta, Tamas"]
[Result "1-0"]
[WhiteElo "2155"]
[BlackElo "2000"]
[PlyCount "53"]
[EventDate "1999.??.??"]
[EventType "swiss"]
[EventRounds "9"]
[EventCountry "HUN"]
[SourceTitle "EXT 2000"]
[Source "ChessBase"]
[SourceDate "1999.11.16"]
[SourceVersion "1"]
[SourceVersionDate "1999.11.16"]
[SourceQuality "1"]

1. e4 c5 2. Nc3 e6 3. g3 d5 4. exd5 exd5 5. d4 Nf6 6. Nge2 Bg4 7. Bg2 cxd4 8. Qxd4 Nc6 9. Qa4 Bxe2 10. Nxe2 Bb4+ 11. c3 Bc5 12. 0-0 0-0 13. Bg5 Re8 14. Nf4 d4 15. Rad1 Qd6 16. b4 Bb6 17. b5 Na5 18. Bxf6 Qxf6 19. Nd5 Qd6 20. Nxb6 Qxb6 21. cxd4 Rac8 22. Rc1 a6 23. bxa6 Qxa6 24. Rfe1 b5 25. Bf1 bxa4 26. Rxe8+ Rxe8 27. Bxa6 1-0

[Event "Miskolc Avas op"]
[Site "Miskolc"]
[Date "1999.??.??"]
[Round "8"]
[White "Bukta, Tamas"]
[Black "Cselenyi, Balazs"]
[Result "1/2-1/2"]
[WhiteElo "2000"]
[BlackElo "2045"]
[PlyCount "63"]
[EventDate "1999.??.??"]
[EventType "swiss"]
[EventRounds "9"]
[EventCountry "HUN"]
[SourceTitle "EXT 2000"]
[Source "ChessBase"]
[SourceDate "1999.11.16"]
[SourceVersion "1"]
[SourceVersionDate "1999.11.16"]
[SourceQuality "1"]

1. e4 c5 2. b3 b6 3. Bb2 Bb7 4. Nc3 a6 5. Nf3 e6 6. d4 cxd4 7. Nxd4 Nf6 8. Qe2 Bb4 9. f3 Qc7 10. Qd3 d5 11. 0-0-0 Nbd7 12. exd5 Bxc3 13. Bxc3 Nxd5 14. Bb2 0-0 15. Kb1 Rac8 16. c4 Nc5 17. Qc2 Ne3 18. Qd2 Nxd1 19. Qxd1 Rfd8 20. Qc2 Qf4 21. Qc3 Qf6 22. g4 Qg6+ 23. Ka1 e5 24. Nf5 Qe6 25. Bg2 f6 26. h4 Rd3 27. Qc2 Rcd8 28. Bc3 Bxf3 29. Bxf3 Rxf3 30. Rg1 Rxc3 31. Qxc3 b5 32. cxb5 1/2-1/2